[Event "Zahoracky GM 2017"]
[Site "Senica SVK"]
[Date "2017.05.09"]
[Round "2.4"]
[White "Karas,Marek"]
[Black "Mazur,Ste"]
[Result "0-1"]
[WhiteElo "2283"]
[BlackElo "2459"]

1.d4 Nf6 2.Bf4 b6 3.Nf3 Bb7 4.e3 Nh5 5.Bg5 h6 6.Bh4 g5 7.Bg3 Nxg3 8.hxg3 Bg7
9.Bd3 e6 10.Nbd2 d6 11.Qe2 Nd7 12.Ba6 Qc8 13.Bxb7 Qxb7 14.c3 O-O-O 15.O-O-O
Kb8 16.Kb1 Rhe8 17.g4 a5 18.Ne1 Ka7 19.Qf3 Qxf3 20.gxf3 f5 21.Nd3 Rf8 22.Rhg1
Rf7 23.f4 Bf6 24.fxg5 hxg5 25.f4 fxg4 26.Rxg4 gxf4 27.Rxf4 Rh7 28.Rdf1 Bg5
29.R4f3 Kb7 30.Ne4 Be7 31.Rf7 Rdh8 32.Kc2 Kc8 33.Rxh7 Rxh7 34.Rf2 Rh4 35.Nd2
Nf6 36.Re2 Kd7 37.e4 Ng4 38.a4 Rh3 39.Nc4 Rg3 40.d5 e5 41.b4 axb4 42.cxb4 Bg5
43.a5 bxa5 44.bxa5 Kc8 45.Nb4 Kb7 46.a6+ Ka7 47.Na5 Ne3+ 48.Kb2 Nd1+ 49.Kc2
Rc3+ 50.Kb1 Rc1+ 51.Ka2 Nc3+ 52.Kb2 Nxe2 53.Nac6+ Rxc6 54.dxc6 Bd2 55.Nd5 Ba5
{#R} 0-1

[Event "Zahoracky IM 2017"]
[Site "Senica SVK"]
[Date "2017.05.14"]
[Round "9.3"]
[White "Gasa,A"]
[Black "Brhel,J"]
[Result "1-0"]
[WhiteElo "2286"]
[BlackElo "2070"]

1.e4 e5 2.Nf3 Nc6 3.Bb5 a6 4.Ba4 Nf6 5.d3 b5 6.Bb3 Be7 7.O-O O-O 8.a4 Rb8
9.axb5 axb5 10.Nc3 d6 11.h3 Bd7 12.Be3 Qc8 13.Re1 Nd8 14.Nh2 c5 15.f4 exf4
16.Bxf4 Ne6 17.Bg3 c4 18.Ba2 Qc5+ 19.Bf2 Qg5 20.Nf3 Qh5 21.e5 Ne8 22.dxc4 bxc4
23.Bxc4 Nf4 24.Bg3 Nxh3+ 25.gxh3 Qxh3 26.Kf2 d5 27.Nxd5 Bc5+ 28.Ne3 Rb6 29.Bf1
Qg4 30.Nh4 Rxb2 31.Qxg4 Bxg4 32.Bd3 g5 33.Nf5 Bxf5 34.Bxf5 f6 35.Rh1 h5
36.Rxh5 Ng7 37.Bh7+ Kf7 38.Rh6 f5 39.Ke2 f4 40.Rf6+ Ke7 41.Nd5+ Kd7 42.Bf2 Re8
43.Bxc5 Rxe5+ 44.Kf3 Rxd5 45.Ra7+ Ke8 46.Rf8# 1-0

[Event "16th Asian Continental w"]
[Site "Chengdu CHN"]
[Date "2017.05.13"]
[Round "2.1"]
[White "Xiao,Yiyi"]
[Black "Lei Tingjie"]
[Result "0-1"]
[WhiteElo "2287"]
[BlackElo "2482"]

1.d4 Nf6 2.c4 c5 3.d5 e6 4.Nc3 exd5 5.cxd5 d6 6.e4 g6 7.h3 Bg7 8.Nf3 O-O 9.Bd3
b5 10.Bxb5 Nxe4 11.Nxe4 Qa5+ 12.Qd2 Qxb5 13.Nxd6 Qa6 14.Qf4 Nd7 15.Nc4 Nb6
16.Nxb6 axb6 17.Ng5 Bf5 18.Qh4 h6 19.Nf3 Qd3 20.Be3 Bxb2 21.Rd1 Bc3+ 22.Nd2
Rfe8 23.Qxh6 Rxa2 {#R} 0-1

[Event "TCh-BLR 2017"]
[Site "Minsk BLR"]
[Date "2017.05.11"]
[Round "4.2"]
[White "Khamitskiy,S"]
[Black "Sarichev,S"]
[Result "1-0"]
[WhiteElo "2287"]
[BlackElo "2023"]

1.d4 d5 2.c4 e6 3.g3 c5 4.Bg2 Nf6 5.Nf3 Be7 6.O-O O-O 7.dxc5 Bxc5 8.cxd5 exd5
9.Qc2 Be7 10.Rd1 Nc6 11.Nc3 Nb4 12.Qb1 Be6 13.a3 Nc6 14.Ng5 d4 15.Nxe6 fxe6
16.Qa2 Kh8 17.Qxe6 Qa5 18.Bxc6 dxc3 19.Bxb7 Rae8 20.Qa6 Qh5 21.Bf3 Ng4 22.Bxg4
Qxg4 23.Be3 cxb2 24.Rab1 Bf6 25.f3 Qh3 26.Bc5 Re6 27.Qd3 Rfe8 28.e4 Be5 29.Qf1
Qh5 30.Rd5 Qf7 31.Qd3 Qg6 32.Kg2 h6 33.Bd4 Bxd4 34.Rxd4 Rb6 35.Rb4 Qf6 36.Qe2
Ra6 37.Rb3 Qd6 38.Qxb2 Rd8 39.Rb8 Kh7 40.Rxd8 Qxd8 41.Qe5 Qd2+ 42.Kh3 Qd3
43.Qf5+ Rg6 44.Rc1 Qa6 45.g4 Qe6 46.Rc7 Qb6 47.Rc2 Qe6 48.Rd2 Qxf5 49.gxf5 Ra6
50.Rd3 Kg8 51.Kg4 Kf7 52.Rb3 Ra4 53.Kf4 Kf6 54.Rc3 Ke7 55.h4 Kd6 56.Kg4 Ke5
57.Rc6 Rxa3 58.Re6+ Kd4 59.Re7 Ra1 60.Kf4 Rh1 61.Rd7+ Kc5 62.Rxg7 a5 63.f6 Kd6
64.Kf5 Rxh4 65.e5+ Kd5 66.Rd7+ Kc6 67.Rd6+ {#r} 1-0

[Event "TCh-BLR 2017"]
[Site "Minsk BLR"]
[Date "2017.05.09"]
[Round "2.2"]
[White "Khamitskiy,S"]
[Black "Oblamski,V"]
[Result "1-0"]
[WhiteElo "2287"]
[BlackElo "2090"]

1.d4 d5 2.c4 e6 3.g3 Nf6 4.Bg2 Be7 5.Nf3 O-O 6.O-O dxc4 7.Qc2 a6 8.a4 Bd7
9.Rd1 Bc6 10.Nc3 Nd5 11.e4 Nxc3 12.bxc3 b5 13.d5 exd5 14.exd5 Bb7 15.Nd4 Bc5
16.Nc6 Qf6 17.Na5 Qb6 18.Nxb7 Qxb7 19.d6 c6 20.axb5 axb5 21.Rxa8 Qxa8 22.d7
Rd8 23.Qe4 Nxd7 24.Qxc6 Qa1 25.Qxc5 Qxc1 26.Qd4 Qb2 27.Qb6 Re8 28.Rxd7 Qb1+
29.Bf1 h6 30.Rd8 Rxd8 31.Qxd8+ Kh7 32.Qd5 Kg8 33.Qc5 g6 34.Qb4 Qf5 35.Qd6 Kg7
36.Qd4+ Kg8 37.Be2 Qb1+ 38.Kg2 Qb2 39.Bf3 b4 40.Bd5 Qxc3 41.Qxc4 {#r} 1-0

[Event "Lviv Rapid Cup 2017"]
[Site "Lviv UKR"]
[Date "2017.05.09"]
[Round "12.11"]
[White "Borisenko,V"]
[Black "Solovchuk,A"]
[Result "1-0"]
[WhiteElo "2288"]
[BlackElo "2375"]

1.d4 Nf6 2.Nf3 e6 3.Bf4 c5 4.e3 b6 5.Be2 Bb7 6.O-O Be7 7.h3 O-O 8.c3 cxd4
9.cxd4 Nd5 10.Bg3 f5 11.Nc3 Nf6 12.Rc1 a6 13.Na4 b5 14.Bc7 Qe8 15.Nb6 Ra7
16.a4 bxa4 17.Nxa4 Bc6 18.Bh2 d6 19.Nc3 Rb7 20.b3 Ne4 21.Bc4 d5 22.Be2 Bb4
23.Nxe4 fxe4 24.Ne5 a5 25.Bh5 g6 26.Be2 Bb5 27.Bxb5 Qxb5 28.Qg4 Qe8 29.Rc2 Nd7
30.Rfc1 Nf6 31.Qd1 Ba3 32.Ra1 Bb4 33.Bf4 Qb5 34.Rc6 Re8 35.Qc2 Bf8 36.g4 Nd7
37.Rc8 Nxe5 38.Bxe5 Bb4 39.Rc1 Rf7 40.Rxe8+ Qxe8 41.Qc8 Qxc8 42.Rxc8+ Rf8
43.Rc7 Rf7 44.Rc6 Be1 45.Bg3 Re7 46.Kf1 Bb4 47.Bh4 Re8 48.Rc7 Bd6 49.Ra7 Rb8
50.Rxa5 Rxb3 51.Ra6 Bf8 52.Rxe6 Rb5 53.Ra6 Rb7 54.Kg2 Kf7 55.Rc6 h6 56.Rc8 Rb2
57.Rc7+ Ke6 58.Ra7 Rb6 59.Ra8 Kf7 60.Rd8 Rb5 61.Rd7+ Ke6 62.Ra7 Rb6 63.Bg3 Be7
64.Bf4 h5 65.gxh5 gxh5 66.Ra8 h4 67.Rh8 Rb2 68.Rh6+ Kf7 69.Rh5 Ke6 70.Bg5 Bxg5
71.Rxg5 Kd6 72.Rg6+ Kc7 73.Rg4 Kc6 74.Rxh4 Kb5 75.Rh5 Kc4 76.Rf5 Rb8 77.h4
Rg8+ 78.Rg5 Rh8 79.h5 Rh7 80.Kg3 Kd3 81.Rxd5 Rg7+ 82.Kf4 Rg2 83.h6 Rxf2+
84.Kg3 Kxe3 85.h7 Rf8 86.Rh5 Rh8 87.d5 Kd3 88.d6 e3 89.d7 e2 90.Re5 Kd2 91.Kg4
e1=Q 92.Rxe1 Kxe1 93.Kg5 Ke2 94.Kf6 Ke3 95.Kg7 Rd8 96.h8=Q Rxd7+ 97.Kf6 Rd4
98.Qh3+ Kd2 99.Ke5 Rd3 100.Qg2+ Kc3 101.Qf2 Rd2 102.Qe3+ Rd3 103.Qc1+ Kb3
104.Ke4 Rc3 105.Qd1+ Kb2 106.Kd4 Rc2 107.Qh1 Rc3 108.Qg2+ Rc2 109.Qb7+ Kc1
110.Ke3 Rc3+ 111.Ke2 Rc2+ 112.Ke1 Rc3 113.Qb6 Kc2 114.Qd4 Kb3 115.Kd2 Rc4
116.Qb6+ Ka4 117.Kd3 Rb4 118.Qa6+ Kb3 119.Qe6+ Kb2 120.Qe5+ Kb3 121.Qa5 Ra4
122.Qd5+ Kb2 123.Qb5+ Ka3 124.Kc3 Rc4+ 125.Kxc4 {#r} 1-0

[Event "Lviv Rapid Cup 2017"]
[Site "Lviv UKR"]
[Date "2017.05.09"]
[Round "13.7"]
[White "Borisenko,V"]
[Black "Kravtsiv,M"]
[Result "0-1"]
[WhiteElo "2288"]
[BlackElo "2653"]

1.e4 e5 2.Nf3 Nc6 3.d4 exd4 4.Nxd4 Nf6 5.Nc3 Bb4 6.Nxc6 bxc6 7.Bd3 O-O 8.O-O
Re8 9.Qf3 Rb8 10.h3 d6 11.Bd2 Nd7 12.Qg3 Ne5 13.a3 Bc5 14.Na4 Bd4 15.c3 Nxd3
16.cxd4 Ba6 17.Bc3 Rxe4 18.Kh1 Qe8 19.Rfd1 Nf4 20.f3 Ne2 21.Qf2 Re7 22.Bd2 Bc4
23.Re1 c5 24.Nc3 Nxd4 25.Rxe7 Qxe7 26.Re1 Qf6 27.Ne4 Qg6 28.Bc3 Ne6 29.f4 Qf5
30.Ng3 Qxf4 31.Qxf4 Nxf4 32.Re4 Nxg2 33.Rxc4 Ne3 34.Ra4 f5 35.Rxa7 f4 36.Rxc7
fxg3 37.Rxg7+ Kf8 38.Rxg3 Nd1 39.Rd3 Nxc3 40.bxc3 Ke7 41.c4 Rb1+ 42.Kg2 Rc1
43.a4 Rxc4 44.Ra3 Rb4 45.a5 Rb7 46.Kf3 Kd7 47.Ke4 Kc6 48.a6 Ra7 49.h4 d5+
50.Ke5 d4 51.h5 h6 52.Ke4 Kb5 53.Kd5 Kb4 54.Ra1 d3 55.Rb1+ Kc3 56.Rc1+ Kb2
57.Rxc5 d2 58.Rb5+ Kc2 59.Rc5+ Kd3 60.Kc6 Rxa6+ {#R} 0-1

[Event "Mateu Chalmeta Mem 2017"]
[Site "Sant Boi ESP"]
[Date "2017.05.12"]
[Round "4.2"]
[White "Quirhuayo Chumbe,German Gonzalo"]
[Black "Gonzalez,RO"]
[Result "1-0"]
[WhiteElo "2291"]
[BlackElo "2205"]

1.e4 c5 2.Nf3 d6 3.d4 cxd4 4.Nxd4 Nf6 5.Nc3 g6 6.Be3 Bg7 7.f3 h5 8.Qd2 Bd7
9.O-O-O Nc6 10.Bc4 O-O 11.Rhe1 Rc8 12.Bb3 Qa5 13.Kb1 Rfe8 14.h3 Ne5 15.g4 Nc4
16.Bxc4 Rxc4 17.Nb3 Qa6 18.e5 dxe5 19.g5 Bxh3 20.gxf6 exf6 21.Ne4 Bf5 22.Nbc5
Qc6 23.b3 Rxe4 24.fxe4 Bg4 25.Rc1 b6 26.Nd3 Qxe4 27.Bxb6 Qb7 28.Bg1 f5 29.Qa5
e4 30.Nc5 Qc6 31.Qa4 Qxa4 32.Nxa4 f4 33.Bxa7 e3 34.a3 Bh6 35.Nc3 Bf3 36.b4 h4
37.b5 g5 38.b6 g4 39.Nb5 h3 40.Nd6 Re5 41.c4 g3 42.c5 h2 43.c6 Bxc6 44.Rxc6 g2
45.Rcc1 Rg5 46.b7 g1=Q 47.b8=Q+ Kh7 48.Nxf7 Rg7 49.Qh8+ {#r} 1-0

[Event "Zahoracky GM 2017"]
[Site "Senica SVK"]
[Date "2017.05.13"]
[Round "8.2"]
[White "Jablonicky,Martin"]
[Black "Simacek,P"]
[Result "0-1"]
[WhiteElo "2296"]
[BlackElo "2485"]

1.d4 Nf6 2.Nf3 c5 3.d5 e6 4.Nc3 b5 5.Bg5 b4 6.Ne4 Bb7 7.c4 bxc3 8.Bxf6 gxf6
9.Nxc3 f5 10.e3 Bg7 11.Bc4 O-O 12.O-O Na6 13.a3 Nc7 14.dxe6 fxe6 15.Qd6 Ne8
16.Qxc5 Rc8 17.Qb4 Rb8 18.Qa4 Bxf3 19.gxf3 Rxb2 20.Ne2 Kh8 21.Rab1 Qh4 22.Rxb2
Bxb2 23.Rb1 Be5 24.f4 Nf6 {#R} 0-1

[Event "Zahoracky GM 2017"]
[Site "Senica SVK"]
[Date "2017.05.12"]
[Round "6.3"]
[White "Jablonicky,Martin"]
[Black "Kuznetsov,Mi1"]
[Result "1-0"]
[WhiteElo "2296"]
[BlackElo "2259"]

1.d4 Nf6 2.Nf3 g6 3.Nc3 Bg7 4.e4 d6 5.Be2 Bg4 6.O-O O-O 7.Be3 Bxf3 8.Bxf3 e5
9.dxe5 dxe5 10.Qe2 Nc6 11.Rfd1 Nd7 12.Bg4 Nd4 13.Bxd4 exd4 14.Nb5 Ne5 15.Bh3
c5 16.f4 Nc6 17.e5 Re8 18.Qc4 Bf8 19.Nc3 Qh4 20.Ne4 Qxf4 21.Nf6+ Kh8 22.Qxf7
Bg7 23.Qxb7 Na5 24.Qb5 Rxe5 25.Ng4 d3 26.Rxd3 c4 27.Nxe5 Bxe5 28.g3 Qg5 29.Rd5
Qe3+ 30.Kh1 Bd4 31.Qxa5 Re8 32.Rd8 {#r} 1-0

[Event "Zahoracky GM 2017"]
[Site "Senica SVK"]
[Date "2017.05.09"]
[Round "2.5"]
[White "Jablonicky,Martin"]
[Black "Czebe,A"]
[Result "0-1"]
[WhiteElo "2296"]
[BlackElo "2475"]

1.e4 c5 2.Nf3 e6 3.c4 Nc6 4.Nc3 e5 5.Be2 d6 6.d3 g6 7.h4 h6 8.h5 g5 9.Be3 Bg7
10.Nd2 Nge7 11.g4 O-O 12.a3 Nd4 13.b4 a6 14.Rb1 b5 15.cxb5 cxb4 16.Rxb4 axb5
17.Bxd4 exd4 18.Nxb5 d5 19.O-O dxe4 20.dxe4 d3 21.Bf3 Nc6 22.e5 Nxb4 23.Bxa8
Nd5 24.Nd6 Nf4 25.Nxc8 Qxc8 26.Bf3 Bxe5 27.Re1 Bc3 28.Re4 Qc5 29.Rc4 Nh3+
30.Kg2 Qxf2+ 31.Kxh3 Bxd2 32.Bg2 {#R} 0-1

[Event "TCh-BLR 2017"]
[Site "Minsk BLR"]
[Date "2017.05.11"]
[Round "4.1"]
[White "Smirnov,Va"]
[Black "Zhigalko,A"]
[Result "0-1"]
[WhiteElo "2297"]
[BlackElo "2566"]

1.d4 Nf6 2.c4 g6 3.Nc3 Bg7 4.Nf3 O-O 5.Bg5 d6 6.Qd2 c5 7.d5 a6 8.e4 b5 9.Bd3
Bg4 10.Nh4 bxc4 11.Bxc4 Nbd7 12.h3 Nb6 13.Bb3 Bc8 14.O-O a5 15.Rfe1 a4 16.Bd1
Nc4 17.Qc2 h6 18.Bc1 Nb6 19.Nf3 Re8 20.Be2 e6 21.Bb5 Bd7 22.dxe6 Rxe6 23.Bxd7
Qxd7 24.Bf4 Rae8 25.e5 Nfd5 26.Nxd5 Nxd5 27.Bg3 Nb4 28.Qd2 d5 29.a3 Nc6
30.Rac1 Bf8 31.Qd3 Rd8 32.Bh4 c4 33.Qc2 Rb8 34.Bf6 Rb3 35.Rcd1 Qb7 36.Re2 Bg7
37.Bxg7 Kxg7 38.Qd2 Rd3 39.Qc1 Qb3 40.Rde1 Rxf3 41.gxf3 Qxf3 42.Re3 Qf5 43.Qd1
d4 44.Rf3 Qh5 45.Rf6 Qxh3 46.Rxe6 Qxe6 47.Qxa4 h5 48.Qd1 h4 49.Re4 Qd5 50.f3
Nxe5 51.Kg2 d3 52.Qd2 f5 53.Re3 Kf6 54.Kf2 g5 55.a4 h3 56.a5 Ng4+ 57.Kg1 h2+
58.Kg2 Nxe3+ 59.Qxe3 d2 60.Qb6+ Kg7 61.Qc7+ Kg6 {#R} 0-1

[Event "16th Asian Continental w"]
[Site "Chengdu CHN"]
[Date "2017.05.14"]
[Round "3.10"]
[White "Tokhirjonova,Gulrukhbegim"]
[Black "Shamima,A"]
[Result "1-0"]
[WhiteElo "2299"]
[BlackElo "2109"]

1.e4 c5 2.Nf3 e6 3.d4 cxd4 4.Nxd4 Nc6 5.Nc3 Qc7 6.Be3 a6 7.Qf3 Nf6 8.Nxc6 bxc6
9.O-O-O d5 10.exd5 cxd5 11.Qg3 Qxg3 12.hxg3 Bb7 13.Be2 Rc8 14.g4 Bc5 15.Bxc5
Rxc5 16.f3 Ke7 17.g5 Nd7 18.Rh4 g6 19.a3 Kf8 20.Ra4 Nb8 21.Rb4 Rc7 22.Rh1 Kg7
23.Bd3 Nd7 24.Kd2 Rhc8 25.Rxb7 Rxb7 26.Bxa6 Rcb8 27.Bxb7 Rxb7 28.b3 Nc5 29.Rh4
Rd7 30.Rb4 d4 31.Ne4 Nxe4+ 32.fxe4 f5 33.Kd3 e5 34.Rb5 Re7 35.a4 h6 36.a5 hxg5
37.a6 Kh6 38.Rb7 Re6 39.a7 Ra6 40.exf5 Kh5 41.fxg6 {#r} 1-0

[Event "Croatian Cup 2017"]
[Site "Mali Losinj CRO"]
[Date "2017.05.12"]
[Round "4.4"]
[White "Vidovic,S"]
[Black "Pikula,D"]
[Result "0-1"]
[WhiteElo "2299"]
[BlackElo "2452"]

1.b3 e5 2.Bb2 Nc6 3.e3 g6 4.f4 Bg7 5.Nf3 d6 6.Bb5 Ne7 7.O-O O-O 8.fxe5 dxe5
9.Nc3 h6 10.Rb1 a6 11.Bxc6 Nxc6 12.e4 Be6 13.d3 Qd6 14.Qd2 b5 15.Rbe1 Kh7
16.Ne2 Rfd8 17.Ng3 a5 18.a3 f6 19.Qf2 Rd7 20.Bc1 Ne7 21.Be3 Rad8 22.Bc5 Qa6
23.h3 Nc8 24.Kh1 Nd6 25.Nh2 Nb7 26.Be3 Qd6 27.a4 bxa4 28.bxa4 Qc6 29.Rb1 Nd6
30.Nf3 Ra8 31.Bc5 Qxa4 32.c4 Nf7 33.Nh4 Ng5 34.Nxg6 Kxg6 35.h4 Rxd3 36.hxg5
hxg5 37.Nf5 Qd7 38.Qe2 Rh8+ 39.Kg1 Rd2 40.Ne7+ Qxe7 {#R} 0-1

[Event "Lviv Rapid Cup 2017"]
[Site "Lviv UKR"]
[Date "2017.05.09"]
[Round "10.7"]
[White "Oros,R"]
[Black "Azarov,S"]
[Result "0-1"]
[WhiteElo "2302"]
[BlackElo "2582"]

1.e4 c5 2.Nf3 Nc6 3.Bb5 e6 4.Bxc6 bxc6 5.d3 Ne7 6.Qe2 Ng6 7.h4 h5 8.Nc3 e5
9.g3 d6 10.Nd1 a5 11.a4 Be7 12.Bd2 Nf8 13.Ne3 Ne6 14.Nc4 g6 15.Kf1 O-O 16.Kg2
f5 17.exf5 Rxf5 18.Ng5 Nd4 19.Qd1 Bxg5 20.Bxg5 Qf8 21.Rf1 Nf3 22.Bc1 Be6
23.Nd2 Ra7 24.c4 Raf7 25.Nxf3 Rxf3 26.Be3 Qe7 27.Qxf3 Bh3+ 28.Kxh3 Rxf3 29.Kg2
Qf7 30.Rad1 Qf5 31.Rd2 Kf7 32.Rfd1 Ke6 33.Bf4 Rxf4 34.gxf4 Qxf4 35.f3 Qxh4
36.Re2 Qg5+ 37.Kh3 Qf5+ 38.Kg2 g5 39.Red2 Qf4 40.Rf2 h4 41.Kf1 Qd4 42.Rg2 Kf6
43.Rdd2 d5 44.b3 Qc3 45.cxd5 cxd5 46.Ke2 Qxb3 47.Rg4 Qc3 48.Kd1 Qa1+ 49.Ke2 c4
50.dxc4 d4 51.Rc2 Qxa4 52.Kd2 Qb4+ 53.Kd3 Qb3+ 54.Kd2 Qe3+ {#R} 0-1

[Event "Lviv Rapid Cup 2017"]
[Site "Lviv UKR"]
[Date "2017.05.09"]
[Round "10.6"]
[White "Moliboga,V"]
[Black "Fedorov,Alex"]
[Result "0-1"]
[WhiteElo "2310"]
[BlackElo "2598"]

1.e4 c5 2.Nf3 Nc6 3.Bb5 e6 4.c3 a6 5.Ba4 b5 6.Bc2 Bb7 7.O-O Bd6 8.Re1 c4 9.d4
cxd3 10.Bxd3 Qc7 11.Nbd2 Nge7 12.a4 b4 13.Nc4 Bc5 14.e5 bxc3 15.bxc3 Nd5
16.Qc2 Na5 17.Nd6+ Bxd6 18.exd6 Qxd6 19.Ba3 Qc7 20.Nd4 g6 21.g3 Rc8 22.Rac1
Nc4 23.Bxc4 Qxc4 24.Qe4 f6 25.Qh4 Kf7 26.Qg4 h5 27.Qf3 Ba8 28.Qd1 h4 29.Qg4
Nb6 30.a5 Qd5 31.f3 Nc4 32.Bb4 hxg3 33.hxg3 Ne5 34.Qf4 Nd3 35.Qd2 Nxc1 36.Rxc1
e5 37.Nb3 Qxd2 38.Nxd2 Rh3 39.Kg2 Rch8 40.Kf2 Rh2+ 41.Ke3 d5 42.Nb3 R8h3
43.Rg1 f5 44.Nc5 Rxg3 45.Rxg3 f4+ 46.Kd3 fxg3 47.Nxa6 g2 48.Bc5 d4 {#R} 0-1

[Event "Lviv Rapid Cup 2017"]
[Site "Lviv UKR"]
[Date "2017.05.09"]
[Round "11.11"]
[White "Moliboga,V"]
[Black "Sivuk,V"]
[Result "0-1"]
[WhiteElo "2310"]
[BlackElo "2520"]

1.e4 e5 2.Nf3 Nc6 3.Bb5 a6 4.Ba4 d6 5.d3 Bd7 6.c3 g6 7.Nbd2 Bg7 8.Nf1 Nf6
9.Ng3 O-O 10.O-O h6 11.h3 Re8 12.Re1 b5 13.Bc2 Na5 14.d4 c5 15.d5 Qc7 16.b3
Rf8 17.Be3 Nh7 18.Qd2 h5 19.Ng5 Rae8 20.Nxh7 Kxh7 21.Bg5 Nb7 22.b4 Nd8 23.a3
f6 24.Be3 Nf7 25.a4 Rc8 26.axb5 axb5 27.Bd3 Ra8 28.Qe2 c4 29.Bc2 Bh6 30.Nxh5
gxh5 31.Qxh5 Kg7 32.Bxh6+ Nxh6 33.Rxa8 Rxa8 34.Re3 Be8 35.Rg3+ Kh7 36.Qe2 Bg6
37.Kh2 Rg8 38.Qe3 Bh5 39.Rxg8 Nxg8 40.g4 Bg6 41.h4 Kg7 42.f3 Be8 43.Bd1 Ne7
44.h5 Ng8 45.Qf2 Nh6 46.Qa2 Qb6 47.Qd2 Nf7 48.Kg2 Qa7 49.Be2 Ng5 50.Bd1 Bf7
51.Be2 Bg8 52.Bf1 Bh7 53.Qe2 Kf8 54.Kh2 Qa1 55.Bg2 Qxc3 56.Qa2 Nxf3+ 57.Bxf3
Qxf3 58.Qa8+ Kg7 59.Qd8 Bxe4 60.Qe7+ Kh6 61.g5+ Kxg5 62.Qg7+ Kh4 {#R} 0-1

[Event "TCh-BLR 2017"]
[Site "Minsk BLR"]
[Date "2017.05.13"]
[Round "6.2"]
[White "Zaiatz,E"]
[Black "Prakapuk,Vera"]
[Result "1-0"]
[WhiteElo "2313"]
[BlackElo "2078"]

1.Nf3 Nf6 2.g3 d5 3.Bg2 c6 4.O-O Bf5 5.d3 h6 6.Nfd2 e6 7.e4 Bg6 8.Qe2 Be7
9.Nc3 O-O 10.h3 Re8 11.f4 Na6 12.a3 Nc7 13.Nf3 Nd7 14.Nd1 c5 15.Nf2 Rc8 16.c4
b5 17.g4 f6 18.f5 dxe4 19.dxe4 exf5 20.gxf5 Bh5 21.Rd1 bxc4 22.Qxc4+ Bf7
23.Qa4 Nb6 24.Qxa7 Nb5 25.Rxd8 Nxa7 26.Rxc8 Naxc8 27.a4 Bd6 28.a5 Nc4 29.Ra4
Na7 30.Bf1 Ne5 31.Nxe5 Bxe5 32.Be3 Bxb2 33.Bxc5 Ra8 34.Nd3 Bc3 35.Nf4 Nc6
36.a6 Bb3 37.Ra3 Bd4+ 38.Bxd4 Nxd4 39.Kf2 Ra7 40.Ne2 Nxe2 41.Rxb3 Nd4 42.Rb6
Rc7 43.Ke3 Nc6 44.Bc4+ Kf8 45.Bd5 Na7 46.Rb7 Re7 47.Kd4 Ke8 48.Kc5 Kd8 49.Rxe7
Kxe7 50.Bb7 {#r} 1-0

[Event "16th Asian Continental w"]
[Site "Chengdu CHN"]
[Date "2017.05.15"]
[Round "4.4"]
[White "Gomes,Mary"]
[Black "Vaishali,R"]
[Result "1-0"]
[WhiteElo "2318"]
[BlackElo "2272"]

1.Nf3 d5 2.g3 g6 3.c4 d4 4.Bg2 Bg7 5.d3 c5 6.O-O Nc6 7.Nbd2 Nf6 8.Nb3 Nd7 9.e3
O-O 10.exd4 cxd4 11.Re1 a5 12.Bf4 e5 13.Bg5 f6 14.Bd2 a4 15.Nc1 Nc5 16.Rb1 Bf5
17.Nh4 Be6 18.b4 axb3 19.axb3 g5 20.b4 gxh4 21.bxc5 Rf7 22.gxh4 f5 23.Bg5 Qf8
24.Ne2 Re8 25.Bd5 h6 26.Bd2 f4 27.Nxf4 Rxf4 28.Bxf4 Qxf4 29.Rxb7 Nd8 30.Ra7
Rf8 31.Kh1 Rf7 32.Ra8 Bxd5+ 33.cxd5 Qxh4 34.Re4 Qf6 35.f4 exf4 36.Re8+ Kh7
37.Qf3 Nb7 38.Qe4+ Qf5 39.Qxf5+ Rxf5 40.c6 Nd6 41.Re6 f3 42.Kg1 Nc4 43.dxc4 d3
44.Re7 Rf4 45.Ra3 Rd4 46.Rxd3 {#r} 1-0

[Event "16th Asian Continental w"]
[Site "Chengdu CHN"]
[Date "2017.05.13"]
[Round "2.9"]
[White "Gomes,Mary"]
[Black "Kiran,M"]
[Result "1-0"]
[WhiteElo "2318"]
[BlackElo "2160"]

1.e4 c5 2.Nf3 d6 3.Bb5+ Nd7 4.O-O Nf6 5.Re1 a6 6.Bd3 b5 7.c4 bxc4 8.Bxc4 e6
9.d4 cxd4 10.Nxd4 Qc7 11.Qa4 Bb7 12.Nc3 Rc8 13.Bxa6 Be7 14.Ncb5 Qb6 15.Bxb7
Qxb7 16.Bf4 Qb6 17.Bxd6 Bxd6 18.Nxd6+ Qxd6 19.e5 Qd5 20.exf6 gxf6 21.Rad1 Ra8
22.Nxe6 fxe6 23.Qg4 Qb5 24.Qxe6+ Kd8 25.Rd5 {#r} 1-0

[Event "German Int Juniors 2017"]
[Site "Stroebeck GER"]
[Date "2017.05.13"]
[Round "2.2"]
[White "Lagunow,Raphael"]
[Black "Donchenko,Alexa"]
[Result "0-1"]
[WhiteElo "2318"]
[BlackElo "2563"]
[EventType "k.o."]

1.c4 b6 2.Nf3 Bb7 3.Nc3 Nf6 4.g3 c5 5.Bg2 g6 6.O-O Bg7 7.b3 O-O 8.Bb2 d5
9.Nxd5 Nxd5 10.Bxg7 Kxg7 11.cxd5 Qxd5 12.d4 Na6 13.e4 Qd6 14.e5 Qc6 15.Nh4 Qc7
16.Bxb7 Qxb7 17.Qg4 Qc8 18.Qe4 cxd4 19.Qxd4 Rd8 20.Qe3 Nc5 21.Rad1 Qb7 22.Rfe1
a5 23.Ng2 Qc7 24.Nf4 Rxd1 25.Rxd1 Rd8 26.Rd4 Rd7 27.Nd5 Qc6 28.Nc3 Rxd4
29.Qxd4 Ne6 30.Qe3 b5 31.a3 b4 32.axb4 axb4 33.Ne2 h6 34.h4 h5 35.Kh2 Qd5
36.f3 Qd1 37.Kg2 Qe1 38.Qf2 Qd2 39.g4 hxg4 40.fxg4 Qd5+ 41.Qf3 Qxe5 42.g5
Qxe2+ 43.Qxe2 Nf4+ 44.Kf3 Nxe2 45.Kxe2 f5 46.gxf6+ exf6 47.Kd3 f5 48.Kc4 f4
49.Kd3 Kh6 {#R} 0-1

[Event "German Int Juniors 2017"]
[Site "Stroebeck GER"]
[Date "2017.05.12"]
[Round "1.2"]
[White "Lagunow,Raphael"]
[Black "Sieber,Fiona"]
[Result "1-0"]
[WhiteElo "2318"]
[BlackElo "2332"]
[EventType "k.o."]

1.Nf3 Nf6 2.c4 g6 3.g3 Bg7 4.Bg2 d5 5.cxd5 Nxd5 6.O-O c5 7.Nc3 Nc6 8.Nxd5 Qxd5
9.d3 O-O 10.Be3 Bxb2 11.Rb1 Bg7 12.Nd4 Qd6 13.Nxc6 bxc6 14.Qa4 Be6 15.Rfc1 Bd4
16.Bf4 Be5 17.Be3 Rfb8 18.Rxb8+ Rxb8 19.Qxa7 Qd8 20.Qxc5 Bb2 21.Rd1 Bxa2
22.Qxc6 Bb3 23.Rb1 Ba2 24.Rf1 Bf6 25.Bh6 Rc8 26.Qa4 Bd5 27.Bxd5 Qxd5 28.Rc1
Rxc1+ 29.Bxc1 h5 30.h4 Qe5 31.Be3 Qb2 32.Qa8+ Kg7 33.Qf3 Qc2 34.Kg2 Qb2 35.Qe4
Qb5 36.d4 Kh7 37.Bf4 Qc4 38.e3 e6 39.Be5 Bxe5 40.Qxe5 Qc6+ 41.Kf1 f5 42.Ke2
Qc2+ 43.Kf3 Qb3 44.Kf4 Qa2 45.Kg5 Qc4 46.Qf6 f4 47.Qf7+ Kh8 48.Kh6 {#r} 1-0

[Event "ch-ISL 2017"]
[Site "Hafnarfjordur ISL"]
[Date "2017.05.15"]
[Round "5.3"]
[White "Ragnarsson,Dagur"]
[Black "Steingrimsson,H"]
[Result "0-1"]
[WhiteElo "2320"]
[BlackElo "2562"]

1.d4 Nf6 2.c4 e6 3.Nf3 d5 4.Nc3 c6 5.Bg5 h6 6.Bxf6 Qxf6 7.e3 Nd7 8.Bd3 dxc4
9.Bxc4 Bd6 10.e4 e5 11.d5 Nb6 12.Bb3 Bg4 13.O-O Bxf3 14.Qxf3 Qxf3 15.gxf3 c5
16.a4 c4 17.a5 cxb3 18.axb6 a5 19.Na4 Rc8 20.Rfc1 Kd7 21.Kf1 Rc2 22.Rxc2 bxc2
23.Ke2 Rc8 24.Kd2 Bc5 25.Rc1 Bxf2 26.Rxc2 Rxc2+ 27.Kxc2 f5 28.Kd3 g6 29.Ke2
Bd4 30.Kd3 Bg1 31.h3 h5 32.Ke2 Ke7 33.Kf1 Bd4 34.Kg2 Kf6 35.Kg3 Kg5 36.Kg2 Be3
37.b3 Bd4 38.Kf1 Kf6 39.Kg2 Ke7 40.Kg3 Kf7 41.Kh2 Kf6 42.Kg3 g5 43.Kg2 g4
44.hxg4 hxg4 45.fxg4 fxe4 46.Kf1 e3 47.Ke2 e4 48.Kd1 Ke5 49.Kc2 Kxd5 50.Nc3+
Bxc3 {#R} 0-1

[Event "ch-ISL 2017"]
[Site "Hafnarfjordur ISL"]
[Date "2017.05.13"]
[Round "3.4"]
[White "Ragnarsson,Dagur"]
[Black "Bjornsson,Si"]
[Result "1-0"]
[WhiteElo "2320"]
[BlackElo "2268"]

1.f4 d5 2.Nf3 g6 3.g3 Bg7 4.Bg2 Nf6 5.O-O O-O 6.d3 c5 7.c3 Nc6 8.Na3 Qc7 9.Qc2
d4 10.cxd4 cxd4 11.Ne5 Bd7 12.Bd2 Rac8 13.Rac1 Ng4 14.Nb5 Qd8 15.Nxc6 Bxc6
16.Nxa7 Bxg2 17.Qxc8 Qd5 18.Qc5 Qe6 19.Rf2 Nxf2 20.Kxf2 b6 21.Qc7 Qh3 22.Rg1
Bd5 23.Qxe7 Qxh2+ 24.Kf1 Be6 25.g4 Qh3+ 26.Kf2 Bxg4 27.Rg3 Qh5 28.Nc6 Be6
29.Qg5 Qxg5 30.Rxg5 f5 31.a3 Bf6 32.Rg1 Bh4+ 33.Kf1 Bd5 34.Nxd4 Kf7 35.e3 Bf6
36.Bc3 h5 37.Kf2 Rc8 38.Kg3 Re8 39.Re1 Rc8 40.Nb5 Be7 41.e4 h4+ 42.Kf3 Bb7
43.Bb4 Bxb4 44.axb4 Rd8 45.Ke3 h3 46.Nc3 h2 47.Rh1 Rh8 48.Kf2 Rh3 49.Kg2 Rxd3
50.Rxh2 Bxe4+ 51.Kg1 Kf6 52.b5 Rg3+ 53.Kf1 Rf3+ 54.Rf2 Rh3 55.Ke2 Bd3+ 56.Kd2
Bc4 57.Kc2 g5 58.fxg5+ Kxg5 59.Rg2+ Kf6 60.Rd2 Ke5 61.b3 Be6 62.Re2+ Kf6
63.Rf2 Rg3 64.Ne4+ {#r} 1-0

[Event "16th Asian Continental w"]
[Site "Chengdu CHN"]
[Date "2017.05.12"]
[Round "1.9"]
[White "Nakhbayeva,G"]
[Black "Hallaeva,B"]
[Result "1-0"]
[WhiteElo "2321"]
[BlackElo "2085"]

1.d4 Nf6 2.c4 e6 3.Nc3 Bb4 4.e3 O-O 5.Bd3 d5 6.Ne2 dxc4 7.Bxc4 e5 8.a3 Bxc3+
9.bxc3 Nc6 10.O-O b6 11.f3 Bb7 12.e4 Qc8 13.Ng3 Ba6 14.Bxa6 Qxa6 15.Nf5 g6
16.Qd2 Kh8 17.Qh6 Rg8 18.d5 Na5 19.Bg5 Ne8 20.Ne7 Rg7 21.f4 Nb3 22.Rad1 Qxa3
23.fxe5 Nc5 24.Bf6 Qa4 25.Rd4 Qc2 26.Bxg7+ Nxg7 27.Rxf7 Qb1+ 28.Rf1 Qc2
29.Nxg6+ Kg8 30.Ne7+ Kh8 31.Rd2 Qxc3 32.Rdf2 Nxe4 33.Rf8+ {#r} 1-0